Представление документа в формате MARC21

Поле Инд. ПП Название Значение
Тип записи a
Библиографический уровень m
001 Контрольный номер RU/LIBMSTU/248788748
005 Дата корректировки 20160127104227.8
020 00 a ISBN 5-8114-0336-4
c Цена, тираж 88-45
084 a Индекс другой классификации/Индекс ББК 66.1
090 x Авторский знак А 46
a Полочн. индекс 66.1
100 10 a Автор Алексеев Н. Н.
245 00 a Заглавие Идея государства
b Продолж. заглавия учеб. пособие для вузов
c Ответственность МВД России, С.-Петерб. ун-т, Акад. права, экономики и безопасности жизнедеятельности
250 00 a Основные сведения об издании 2-е изд.
260 00 a Место издания Санкт-Петербург
b Издательство Лань
c Дата издания 2001
300 00 a Объем 368 с.
440 00 a Серия Мир культуры, истории и философии
650 _4 a Основная рубрика История политической мысли
653 00 a Ключевые слова Государство
653 00 a Ключевые слова Власть
653 00 a Ключевые слова Философия политическая
653 00 a Ключевые слова Древняя Греция
653 00 a Ключевые слова Древний Рим
653 00 a Ключевые слова Анархизм
653 00 a Ключевые слова Феодализм
952 c Вид литературы учебное пособие
990 00 f Даты поступлений (DOS) 05.02